Missing Word: Movies, Books & Music (B) Quiz Stats

Quiz Updated Mar 22, 2015

Challenge
Share
Tweet
Embed
Score 0/21 Timer 02:00
0 Plays Today
Hint Answer % Correct
BooksBreakfast
96%
MoviesBig
93.6%
MoviesBlade
93.2%
MoviesBull
91.8%
MusicBad
91.5%
MusicBohemian
88.2%
MoviesBlazing
86.3%
MoviesBegins
83.2%
MoviesBasterds
80.7%
MusicBobby
80.2%
BooksBrief
80%
Hint Answer % Correct
BooksBridges
79.1%
BooksBook
76.3%
MoviesBeautiful
75.1%
MusicBeethoven
69.1%
MusicBass
67.9%
BooksBreaking
66.3%
BooksBeauty
61.5%
BooksBoy
59.5%
MusicBuffalo
30%
MusicBoogie
25.8%

Today's Daily Dose

Word Ladder
'90s Movies

Quick Pick
'Fire' Movies

On This Day
June 19th II

You're not logged in!

Compare scores with friends on all Sporcle quizzes.
Join for Free
OR
Log In

You Might Also Like...

Show Comments

Extras

Top Quizzes Today


Score Distribution

Your Account Isn't Verified!

In order to create a playlist on Sporcle, you need to verify the email address you used during registration. Go to your Sporcle Settings to finish the process.

Report this User

Report this user for behavior that violates our Community Guidelines.

Details: